[Event "Yingmei CHN-chT 2018"]
[Site "Shenzhen"]
[Date "2018.04.12"]
[Round "2"]
[White "Xiao, Yiyi"]
[Black "Ning, Kaiyu"]
[Result "0-1"]
[WhiteElo "2363"]
[BlackElo "2176"]
[Annotator "TA"]
[PlyCount "118"]
[EventDate "2018.??.??"]
[EventCountry "CHN"]
[SourceTitle "playchess.com"]
[Source "ChessBase"]
[SourceQuality "1"]

{[%evp 15,118,-8,0,-3,0,0,0,-17,-10,-19,-33,-37,-25,-39,-6,-27,-34,-64,-70,-61,-67,-61,-23,-26,-19,-44,-37,-68,-14,-26,-2,-10,-17,-22,0,0,0,-4,-38,-39,22,15,29,41,130,114,133,71,71,71,145,140,137,137,134,134,144,136,137,131,162,150,158,142,139,62,103,107,97,75,370,361,570,546,718,93,98,101,142,140,316,308,411,402,387,375,566,573,526,540,481,414,471,0,0,0,0,0,0,-29984,-29985,-29993,-29994,-29996,-29997]} 1. c4 e5 2. Nc3 Nf6 3. Nf3 Nc6 4. g3 Bb4 5. Bg2 O-O 6. O-O d6 7. Qb3 a5 8. d3 h6 9. Na4 {A22: English Opening: 1...e5 2 Nc3 Nf6} (9. Nd5 Bc5 10. h3 Nd4 11. Nxd4 exd4 12. Bd2 c6 13. Nxf6+ Qxf6 14. Kh2 h5 15. h4 Re8 16. Rae1 a4 {1-0 (42) Uhlmann,W (2400)-Sasikiran,K (2652) Dresden 2005}) 9... Rb8 $146 ({Find the theoretical novelty and annotate with similar games:} 9... Re8 10. Be3 Ng4 11. Bc1 Rb8 12. a3 Bc5 13. Bd2 Nf6 14. Nxc5 dxc5 15. Bc3 {½-½ (40) Prorocic,B (1902)-Cofer,D (2036) ICCF email 2016}) 10. a3 Bc5 $1 11. Nxc5 {The position is equal.} dxc5 12. Qc3 Re8 13. b3 b6 14. Bb2 Nd4 15. Rfe1 Bb7 16. Nd2 Bxg2 17. Kxg2 Qd7 18. e3 Qc6+ 19. f3 Nf5 20. Ne4 Rbd8 21. Qc2 Rd7 (21... Nxe4 $15 22. dxe4 Nd6) 22. Rad1 $11 Red8 {...Nxe4 is the strong threat.} 23. Kf2 Qe6 24. Nxf6+ gxf6 25. g4 Nh4 26. Kg3 $1 {[%cal Rg3h4]} Ng6 27. h4 {[%cal Bh2h4,Bh4h5][%mdl 32] Threatening h5.} f5 (27... h5 $15) 28. h5 Nf8 29. d4 $1 $36 {[%cal Bd3d4,Bd4d5][%mdl 2080] White fights for an advantage.} fxg4 (29... cxd4 $14 30. exd4 (30. Qxf5 Qxf5 31. gxf5 dxe3 $14) 30... f4+ 31. Kh3 Qd6) 30. d5 $1 $16 {[%cal Rd5e6]} Qd6 31. fxg4 (31. Rg1 $142) 31... f6 32. Rf1 Rg7 {[#]} ({Black should try} 32... Kh8) 33. e4 $1 Nh7 {[#]} 34. Bc1 $1 Ng5 35. Rf5 Rf8 36. Rdf1 Rff7 37. Kf2 c6 38. Ke2 cxd5 39. cxd5 {[%cal Bc4d5,Bd5d6][%mdl 32]} Qd7 40. Qd3 ({White should play} 40. Kf2 $16) 40... b5 41. Be3 Qc8 42. Rc1 Rc7 $2 {[%mdl 8192]} (42... c4 $16 43. bxc4 bxc4 44. Rxc4 Rc7 45. Rxc7 Rxc7) 43. d6 $18 Rc6 (43... Rb7 $142 44. Qd5+ (44. Bxc5 Qe6 $16) 44... Kh7 45. Bxg5 (45. Rxf6 Qxg4+ 46. Kd3 c4+ 47. bxc4 bxc4+ 48. Qxc4 Qxh5 $14) 45... hxg5 46. Rxc5 Qd7 47. Rxf6 Qxg4+ 48. Kd2 a4) 44. Bxg5 hxg5 45. Qxb5 $2 (45. Qd5+ $18 {and White stays clearly on top.} Kh7 46. h6) 45... Rxd6 $16 46. Rxc5 Qd8 47. Qxa5 Qd7 $2 (47... Qe8 $16 48. Rd5 Rgd7) 48. Rd5 $18 Kh7 49. Qc5 Rxd5 50. exd5 {[%mdl 4096] Endgame KQR-KQR} ({Not} 50. Qxd5 Qc8 $16) 50... Qb7 (50... Rf7 $142 51. a4 Kg7) 51. Qc2 Rc7 52. Qd3 {White threatens Rxe5+ and mate.} Kg7 {[#]} 53. h6+ $1 Kf7 (53... Kxh6 54. Rxf6+) 54. Rf1 $2 (54. d6 $18 Qg2+ 55. Rf2 Qxg4+ 56. Kd2) 54... e4 $1 $11 {[%cal Re4d3]} 55. Qd4 Qb5+ 56. Kf2 Qxb3 {White must now prevent ...Rc2+.} 57. Kg2 $2 {[%mdl 8192]} (57. Kg1 $11 Qg3+ 58. Kh1 Qh3+ 59. Kg1 Qxg4+ 60. Kh1 Qh3+ 61. Kg1 Qg4+ 62. Kh1 Qh3+ 63. Kg1 Qg4+) 57... Rc2+ {Black mates.} 58. Rf2 Qf3+ $1 59. Kg1 Rc1+ {Precision: White = 56%, Black = 42%.} 0-1

[Event "Yingmei CHN-chT 2018"]
[Site "Shenzhen"]
[Date "2018.04.12"]
[Round "2"]
[White "Zou, Chen"]
[Black "Liu, Qingnan"]
[Result "0-1"]
[WhiteElo "2363"]
[BlackElo "2527"]
[Annotator "TA"]
[PlyCount "100"]
[EventDate "2018.??.??"]
[EventCountry "CHN"]
[SourceTitle "playchess.com"]
[Source "ChessBase"]
[SourceQuality "1"]

{[%evp 19,100,31,26,-18,0,0,11,-78,-65,-57,-5,-11,-11,-107,-106,-97,-100,-118,-128,-123,-120,-120,-129,-146,-137,-213,-212,-210,-210,-192,-124,-108,-76,-86,-95,-278,-285,-285,-276,-272,-255,-278,-285,-283,-277,-286,-251,-334,-312,-298,-287,-278,-301,-282,-253,-382,-364,-433,-588,-523,-570,-585,-566,-531,-534,-612,-615,-612,-607,-589,-579,-1987,-1812,-1774,-1609,-4837,-4837,-4837,-4837,-29983,-29983,-29983,-29984]} 1. e4 c5 2. Nf3 Nc6 3. Bb5 g6 4. Bxc6 dxc6 5. d3 Bg7 6. h3 e5 7. Nc3 Qe7 8. Be3 Nf6 9. Qd2 h6 {B31: Sicilian: 2...Nc6 3 Bb5 g6} 10. a3 Nd7 {LiveBook: 21 Games} 11. Na4 (11. O-O Nf8 12. b4 Ne6 13. bxc5 Nd4 14. Bxd4 exd4 15. Ne2 Qxc5 16. Qb4 Qe7 17. Rab1 {½-½ (57) Bauer,C (2623)-Franco Ocampos,Z (2496) Baku 2016}) 11... b5 $146 {[%cal Bb7b5,Bb5b4][%mdl 32] The position is equal.} ({Predecessor:} 11... b6 12. b4 cxb4 13. axb4 Bb7 14. Nb2 f5 15. Qc3 O-O 16. Nc4 c5 17. bxc5 fxe4 18. dxe4 Nxc5 19. Ncd2 Rfc8 20. Bxc5 Rxc5 21. Qb3+ Kh7 22. O-O Qc7 23. c4 Bc8 24. Ne1 {½-½ (24) Rizouk,A (2511)-Fernandez Montero,F (2097) Seville 2016}) 12. Nc3 Nf8 13. a4 (13. O-O $11 {remains equal.}) 13... b4 $17 14. Ne2 Ba6 (14... f5 $15 15. exf5 gxf5) 15. O-O $11 Ne6 16. b3 (16. Rfe1 $11) 16... f5 $17 17. exf5 gxf5 18. Ng3 f4 19. Nf5 fxe3 20. Qxe3 Qf6 21. Nxg7+ Qxg7 22. Nxe5 (22. Rae1 $17) 22... O-O $19 23. f4 Rae8 24. Rae1 {next Rf3 is good for White.} Rf5 (24... Nd4 $19 25. Qf2 Bc8) 25. Ng4 $17 h5 26. Qe4 Rff8 27. Ne5 $2 {[#]} (27. f5 $17 hxg4 28. fxe6 Rxf1+ 29. Rxf1 Qd4+ 30. Qxd4 cxd4 31. Rf7) 27... Nd4 $19 28. Rf2 Bc8 {[%cal Ba6c8,Bc8e6,Be6d5][%mdl 32]} 29. Qe3 h4 30. Kh1 Be6 31. Qd2 Bd5 32. Ng4 {intending Rxe8.} Nf5 33. Re5 Ng3+ 34. Kg1 {[#] And now Rg5 would win.} Rxe5 35. fxe5 {Strongly threatening Nf6+.} Rxf2 36. Kxf2 Qg6 {( -> ...Qf5+)} 37. Qf4 (37. Kg1 {was called for.} Be6 38. Nh2) 37... Kg7 38. Nf6 Qf5 39. Qxf5 Nxf5 40. Nd7 Nd4 41. Nxc5 Nxc2 42. g3 hxg3+ 43. Kxg3 Nd4 44. Na6 Bxb3 45. Nxb4 a5 {[%cal Ba7a5,Ba5a4,Ba4a3][%mdl 32]} 46. Na6 Bxa4 47. Nc5 Bc2 48. Kf4 a4 49. Na6 a3 50. Nb4 Bb3 {Precision: White = 39%, Black = 83%.} 0-1

[Event "Yingmei CHN-chT 2018"]
[Site "Shenzhen"]
[Date "2018.04.12"]
[Round "2"]
[White "Lin, Yi"]
[Black "Cheparinov, Ivan"]
[Result "0-1"]
[WhiteElo "2360"]
[BlackElo "2702"]
[Annotator "TA"]
[PlyCount "124"]
[EventDate "2018.??.??"]
[EventCountry "CHN"]
[SourceTitle "playchess.com"]
[Source "ChessBase"]
[SourceQuality "1"]

{[%evp 17,124,0,1,-11,-7,-16,-13,-13,-11,-10,-6,-8,0,-14,0,-17,-14,-24,-24,-32,-27,-40,-33,-46,-44,-52,-31,-64,-58,-106,-90,-112,-83,-88,-90,-98,-99,-101,-47,-116,-116,-115,-115,-121,-109,-127,-114,-118,-114,-114,-90,-105,-90,-96,-91,-106,-78,-176,-106,-112,-117,-141,-132,-141,-125,-134,-134,-115,-77,-112,-109,-105,-81,-105,-73,-68,-60,-127,-116,-164,-173,-173,-155,-146,-166,-157,-161,-153,-156,-195,-233,-438,-412,-776,-767,-1071,-1060,-969,-857,-845,-825,-856,-841,-843,-820,-786,-731,-762,-740]} 1. d4 f5 2. Nc3 Nf6 3. Bg5 d5 4. Bxf6 exf6 5. e3 Be6 6. Qf3 Qd7 7. Bd3 Nc6 8. a3 O-O-O 9. Nge2 g5 {LiveBook: 6 Games. A80: Dutch Defence: Unusual White second moves} (9... Kb8 10. Nf4 Bf7 11. h4 h5 12. O-O-O Ne7 13. g3 Nc8 14. Qe2 c6 15. Kb1 Nd6 16. f3 g6 17. Rhe1 {0-1 (56) Bernadskiy,V (2570)-Gasanov,E (2482) Omelnyk 2017}) 10. g3 Kb8 11. O-O-O Ne7 {The position is equal.} 12. h4 Bg7 13. Kb1 $146 ({Predecessor:} 13. Rh2 Nc8 14. Qh1 h6 15. Kb1 c6 16. Qe1 Nd6 17. Na4 {1-0 (60) Guimaraes,W (2289)-Maia,J (2128) Rio de Janeiro 2011}) 13... Nc8 14. Qg2 Qf7 15. f3 h6 16. Nc1 Nd6 17. Nb3 Rhe8 18. Rhe1 c6 19. a4 Qc7 20. Nc5 Bc8 21. Qf2 Re7 22. Bf1 Rde8 23. b3 Bf8 24. Kb2 Qb6 25. Ra1 a5 26. Ka2 h5 27. Rad1 Bh6 (27... g4 $17 28. Bg2 Bh6) 28. f4 (28. e4 $1 $15) 28... g4 $17 29. Qd2 Bf8 30. Rb1 Ka8 31. Bg2 Qa7 32. Ka1 b6 33. Nd3 Re6 34. Nd1 Qe7 {Strongly threatening ...Nc4!} 35. Rb2 Bb7 36. Kb1 Ba6 37. c3 (37. N3f2 $17) 37... Qc7 (37... Ne4 $1 $19 {[%cal Re4d2]} 38. Bxe4 fxe4) 38. N1f2 Kb8 39. Rc2 Qe7 {[%cal Re6e3]} 40. Nd1 Ka7 41. N3f2 Rb8 42. Ra2 Rd8 43. Nb2 Re8 {[%cal Re6e3]} 44. Nbd1 Bb7 45. Bf1 Rd8 46. Rb2 Qe8 47. Qc2 ({White should try} 47. Ka1 $15) 47... c5 48. Bd3 cxd4 49. cxd4 Rc8 50. Qe2 Re7 ({Of course not} 50... Qc6 $6 51. Rc2 $11) 51. Rc2 {[#]} Rec7 $1 52. Rxc7 Rxc7 53. Nb2 Rc3 54. Ka2 $2 (54. Rc1 Rxb3 55. Ka2) 54... Ne4 $19 55. Nxe4 (55. Nbd1 $142 Nxg3 56. Qb2) 55... fxe4 {Black is clearly winning.} (55... dxe4 56. Bc4 $17) 56. Bb5 Qe7 57. Kb1 Rxb3 58. Rc1 Qa3 59. Rc7 Bd6 (59... Rxe3 60. Qc2 $17) 60. Rd7 Rxe3 61. Qc2 {[#]} Rc3 $1 {[%cal Rc3c2]} 62. Qe2 Rc7 {Precision: White = 45%, Black = 55%.} ({Not} 62... Rxg3 63. Bc6 $11) 0-1

[Event "Yingmei CHN-chT 2018"]
[Site "Shenzhen"]
[Date "2018.04.12"]
[Round "2"]
[White "Wang, Yu A"]
[Black "Lei, Tingjie"]
[Result "1/2-1/2"]
[WhiteElo "2337"]
[BlackElo "2537"]
[Annotator "TA"]
[PlyCount "60"]
[EventDate "2018.??.??"]
[EventCountry "CHN"]
[SourceTitle "playchess.com"]
[Source "ChessBase"]
[SourceQuality "1"]

{[%evp 30,60,-4,-8,-3,-18,0,0,0,0,0,0,0,0,5,0,0,0,0,0,16,2,6,0,0,0,14,6,8,8,8,16,16]} 1. e4 e5 2. Nf3 Nc6 3. Nc3 Nf6 4. d4 exd4 5. Nxd4 Bb4 6. Nxc6 bxc6 7. Bd3 d5 8. exd5 cxd5 9. O-O O-O 10. Bg5 c6 11. Qf3 Rb8 12. Ne2 {C47: Scotch Four Knights and Four Knights with 4 g3} Bg4 13. Bxf6 Bxf3 14. Bxd8 Bxe2 15. Bxe2 Rfxd8 16. Rfd1 $146 {LiveBook: 6 Games. The position is equal.} (16. a3 Be7 17. b4 Bf6 18. Rab1 Re8 19. Bd3 Bc3 20. Rb3 Be1 21. Rb1 Bc3 22. Rb3 Be1 23. Rb1 Bc3 {½-½ (23) Zhao,J (2616)-Andreikin,D (2706) China 2017}) ({Predecessor:} 16. Rad1 Ba5 17. b3 Bc3 18. Rd3 d4 19. Rf3 g6 {½-½ (44) Preissmann,E (2330)-Razuvaev,Y (2560) Geneve 1993}) 16... Be7 17. b3 Bf6 18. Rab1 Bc3 19. Rd3 d4 20. Rf3 g6 21. Bc4 Rd7 22. Rd1 {[#] aiming for Rxc3!} Re7 23. g4 Kg7 24. Kg2 f6 25. h4 Rbe8 26. Rh3 Re4 27. Kf3 R4e5 28. Bd3 h6 29. h5 g5 30. Kg2 a5 {Precision: White = 56%, Black = 50%.} 1/2-1/2

[Event "Yingmei CHN-chT 2018"]
[Site "Shenzhen"]
[Date "2018.04.12"]
[Round "2"]
[White "Li, Ruofan"]
[Black "Li, Xueyi"]
[Result "1-0"]
[WhiteElo "2328"]
[BlackElo "2275"]
[Annotator "TA"]
[PlyCount "107"]
[EventDate "2018.??.??"]
[EventCountry "CHN"]
[SourceTitle "playchess.com"]
[Source "ChessBase"]
[SourceQuality "1"]

{[%evp 20,107,22,18,14,8,7,0,0,0,0,-7,6,5,14,2,6,12,18,20,72,70,56,75,83,75,158,44,60,0,0,0,0,0,0,0,203,11,60,67,45,45,112,91,198,151,141,140,252,249,252,243,280,230,272,264,328,335,333,321,368,343,391,387,376,358,585,576,575,565,589,584,581,553,485,413,413,413,555,552,693,662,1883,2201,2261,2075,1979,1836,1735,1642]} 1. d4 d5 2. c4 e6 3. Nc3 Nf6 4. Bg5 Be7 5. Nf3 c6 6. e3 h6 7. Bh4 Nbd7 8. Rc1 a6 9. a3 O-O 10. Qc2 Re8 11. h3 b5 {D64: Queen's Gambit Declined: Classical: 7 Rc1 c6 8 Qc2} (11... dxc4 12. Bxc4 b5 13. Ba2 c5 14. dxc5 Nxc5 15. O-O Qd3 16. Rfd1 {½-½ (16) Epishin,V (2590)-Eingorn,V (2550) Leningrad 1990}) 12. cxd5 cxd5 13. Bd3 Bb7 {The position is equal.} 14. O-O Rc8 15. Qe2 Ne4 $146 ({Predecessor:} 15... Nb6 16. Ne5 Nfd7 17. Bxe7 Qxe7 18. Nxd7 Qxd7 19. f4 {1-0 (38) Stiemerling,W (2134)-Geldner,G (1713) Berlin 2014}) 16. Bxe7 Qxe7 17. Nb1 Nb6 18. Nbd2 Nxd2 (18... Nc4 {seems wilder.} 19. Nb3 a5 20. Ne5 Ned6 21. Rfd1 a4) 19. Nxd2 {[%cal Bf3d2,Bd2b3,Bb3c5][%mdl 32]} b4 (19... Nc4 $11 {remains equal.}) 20. Ra1 $16 a5 21. Nb3 Nc4 22. Nc5 e5 (22... bxa3 $142 23. Bxc4 (23. bxa3 e5 $14) 23... dxc4) 23. Qc2 (23. Nxb7 $16 {aiming for Bxc4.} Qxb7 24. b3) 23... bxa3 24. bxa3 ({White should play} 24. b3 $14 Nd6 25. Rxa3) 24... Bc6 $11 25. Qc3 exd4 26. exd4 Qg5 27. Rfd1 {[%cal Bf1d1,Bd1d3,Bd3c3][%mdl 32]} Ne5 $2 {[#]} (27... Rb8 $11) 28. Bf1 $2 ({Not} 28. dxe5 $2 d4 $17) ({White must play} 28. Ba6 $18 Nc4 29. Bxc8 Rxc8 30. Re1) 28... Nd7 (28... Nc4 {is interesting.} 29. Rd3 Qd8 30. Rg3 Nd6 31. Qd2 Qh4) 29. Qxa5 Nxc5 30. dxc5 Bd7 (30... Ra8 $14 31. Qc3 Qd8) 31. Qc3 Rc7 (31... Re4 $16) 32. Rd3 g6 33. Qd4 Be6 (33... Qe5 $16 {is a better defense.}) 34. a4 $18 {[%cal Ba3a4,Ba4a5,Ba5a6][%mdl 32]} Bf5 35. Rc3 Qd8 36. f3 Qa8 37. a5 Rec8 38. a6 Qa7 39. Rac1 ({Don't take} 39. Qxd5 Rxc5 40. Rxc5 Rxc5 $18) 39... Be6 40. Kh1 h5 41. Bd3 Rc6 42. f4 Rxa6 $2 (42... h4 {was worth a try.} 43. Rb1 Rxa6 44. Bxa6 Qxa6) 43. Bxa6 Qxa6 44. c6 Rc7 45. Qe5 Qc8 46. Qd6 Kh7 47. f5 Bxf5 48. Qxd5 Qa6 49. Qe5 {White is clearly winning.} Qb6 50. Rc5 Be6 51. Rb5 Qa6 52. Rb8 {[%csl Gb8][%cal Re5h8] [#]} Rc8 53. Rxc8 Qxc8 54. Kh2 {Precision: White = 70%, Black = 18%.} 1-0

[Event "Yingmei CHN-chT 2018"]
[Site "Shenzhen"]
[Date "2018.04.12"]
[Round "2"]
[White "Zhang, Xiaowen"]
[Black "Zhao, Shengxin"]
[Result "1-0"]
[WhiteElo "2327"]
[BlackElo "2186"]
[Annotator "TA"]
[PlyCount "71"]
[EventDate "2018.??.??"]
[EventCountry "CHN"]
[SourceTitle "playchess.com"]
[Source "ChessBase"]
[SourceQuality "1"]

{[%evp 22,71,-1,-28,29,29,29,29,24,33,32,22,70,67,191,183,262,153,186,99,168,153,175,174,162,103,110,119,95,93,120,70,114,151,283,289,270,273,396,390,922,906,861,803,1227,1134,2685,2616,29988,4519,3224,1131]} 1. e4 c5 2. Nf3 d6 3. d4 cxd4 4. Nxd4 Nf6 5. Nc3 a6 6. h3 e5 7. Nde2 h5 {B90: Sicilian Najdorf: Unusual White 6th moves, 6 Be3 Ng4 and 6 Be3 e5} 8. g3 Be6 (8... Nbd7 9. Bg2 b5 10. Nd5 Nxd5 11. Qxd5 Qc7 12. Be3 Bb7 13. Qd2 Rc8 14. Nc3 Nb6 15. Bxb6 Qxb6 {½-½ (33) Nakamura,H (2792)-Vachier Lagrave,M (2791) Saint Louis 2017}) 9. Bg2 b5 {[%cal Bb7b5,Bb5b4][%mdl 32]} 10. O-O Nbd7 11. a4 b4 12. Nd5 {LiveBook: 4 Games} Bxd5 ({Black should try} 12... Nxd5 13. exd5 Bf5) 13. exd5 $11 Be7 14. Bd2 Rb8 $146 ({Find the theoretical novelty and annotate with similar games:} 14... Qb6 15. c3 bxc3 16. Bxc3 {0-1 (61) Kumor,L (2093)-Kyc,J (2201) Krakow 2015}) 15. c3 bxc3 16. Bxc3 Nc5 17. b4 Nce4 (17... Ncd7 $1 $14) 18. Be1 $1 $18 h4 (18... Ng5 {was called for.} 19. h4 Ngh7) 19. g4 (19. gxh4 $1 $18 {Black must now prevent f3.} Qb6 20. Kh1) 19... Qb6 20. Kh2 (20. Rc1 $18) 20... Ng5 (20... O-O $16) 21. f4 exf4 22. Rxf4 Nd7 ({Avoid the trap} 22... Qe3 $2 23. Bf2 $18) 23. Rc1 (23. a5 $18 Qb7 24. Rc1) 23... Bf6 $16 24. Rxf6 Nxf6 25. Nd4 {aiming for Qd2.} O-O 26. Rc6 Qb7 27. Nf5 $1 Qa7 (27... Nge4 $16) 28. Bxh4 $18 Nfe4 29. Qd3 Rxb4 {[#]} (29... Rfe8 $142 30. Rxa6 Qc7) 30. Bxg5 $1 Qf2 $2 (30... Nxg5 31. Qc3 Nf3+ 32. Qxf3 Rb1) 31. Rc2 Qe1 32. Bh4 Qb1 33. Bxe4 Re8 34. Nxd6 Reb8 35. Qf3 (35. Bh7+ $142 Kf8 36. Qe3 Qxc2+ 37. Bxc2 Kg8 38. Qd3 g6 {[#]} 39. Nxf7 $1 {[%mdl 512]} Kf8 40. Qxg6) 35... f6 36. Rc8+ {Precision: White = 61%, Black = 25%.} 1-0

[Event "Yingmei CHN-chT 2018"]
[Site "Shenzhen"]
[Date "2018.04.12"]
[Round "2"]
[White "Zhu, Jiner"]
[Black "Saduakassova, Dinara"]
[Result "1/2-1/2"]
[WhiteElo "2313"]
[BlackElo "2481"]
[Annotator "TA"]
[PlyCount "68"]
[EventDate "2018.??.??"]
[EventCountry "CHN"]
[SourceTitle "playchess.com"]
[Source "ChessBase"]
[SourceQuality "1"]

{[%evp 17,68,48,50,20,13,22,30,19,33,38,21,8,12,8,41,16,62,65,56,57,71,59,96,100,99,88,127,143,132,45,42,0,0,0,0,0,0,0,10,9,8,0,0,0,0,-189,-23,-177,-8,-8,0,0,0]} 1. e4 c5 2. Nf3 e6 3. d4 cxd4 4. Nxd4 Nc6 5. Nc3 a6 6. Be3 Nf6 7. a3 Qc7 8. Be2 d6 9. g4 {B48: Sicilian: Taimanov: 5 Nc3 Qc7 6 Be3 a6 without Be2} h6 {LiveBook: 3 Games} 10. Qd2 $146 ({Predecessor:} 10. f4 Bd7 11. h3 Be7 12. Qd2 Rc8 13. O-O-O g6 14. Rhf1 Rh7 15. f5 gxf5 16. gxf5 Nxd4 17. Qxd4 {1-0 (43) Topalov,V (2768)-Quinn,M (2398) Dublin 2011}) 10... Nxd4 11. Bxd4 e5 12. Be3 Bxg4 13. Bxg4 Nxg4 14. Nd5 Qc6 15. O-O-O Rc8 16. Kb1 Be7 17. Rhg1 $36 {[%mdl 2048] White fights for an advantage.} Nxe3 18. fxe3 g6 19. Qf2 $1 {[%mdl 1024] White has strong compensation.} Rh7 {[#]} 20. Rd3 $1 {[%cal Rd3c3]} Bd8 {[#]} 21. Rgd1 $1 Qd7 22. Nf6+ Bxf6 23. Qxf6 (23. Rxd6 $16 Qe7 24. Rxf6) 23... Qe6 $14 24. Qxe6+ (24. Rxd6 {is more complex.} Qxf6 25. Rxf6 Rc4 26. Rb6 f5 27. exf5 gxf5 28. Re6+) 24... fxe6 25. Rxd6 {[%mdl 4096] Endgame KRR-KRR} Re7 $1 26. Rf1 Rc4 27. Rf6 g5 (27... Rxe4 {keeps more tension.} 28. Rxg6 h5 29. Rd3 Rh4 30. Rd2 Rh3) 28. Rxh6 Rxe4 29. Rdxe6 Rxe3 30. Rxe7+ Kxe7 $11 {KR-KR} 31. Rg6 $2 (31. Kc1 $11 {and White stays safe.}) 31... Re1+ $19 32. Ka2 Re2 $2 (32... e4 $19 33. Kb3 e3 34. Rxg5 Kf6) 33. Rxg5 $11 Kd6 34. Kb3 Rxh2 {Precision: White = 76%, Black = 53%.} 1/2-1/2

[Event "Yingmei CHN-chT 2018"]
[Site "Shenzhen"]
[Date "2018.04.12"]
[Round "2"]
[White "Zhai, Mo"]
[Black "Harika, Dronavalli"]
[Result "1/2-1/2"]
[WhiteElo "2310"]
[BlackElo "2503"]
[Annotator "TA"]
[PlyCount "65"]
[EventDate "2018.??.??"]
[EventCountry "CHN"]
[SourceTitle "playchess.com"]
[Source "ChessBase"]
[SourceQuality "1"]

{[%evp 24,65,7,8,10,6,0,3,11,0,0,0,3,0,0,0,0,0,0,-19,0,-21,-14,-21,0,0,0,-87,-8,-6,-8,-9,0,-19,-16,-30,0,0,0,-29,0,0,0,-33]} 1. d4 e6 2. c4 d5 3. Nf3 Nf6 4. Bg5 Nbd7 5. e3 h6 6. Bh4 Be7 7. Nc3 O-O 8. Qc2 c5 9. cxd5 Nxd5 10. Bxe7 {D61: Queen's Gambit Declined: Classical: 7 Qc2} Nxe7 (10... Qxe7 11. Be2 Nxc3 12. Qxc3 b6 13. O-O Bb7 14. Rac1 Rfc8 15. Qa3 Qf8 16. Bb5 Nf6 17. dxc5 Bxf3 18. gxf3 bxc5 {½-½ (32) Gupta,A (2615)-Anand,V (2776) chess.com INT 2018}) 11. Rd1 Qa5 12. Be2 Nf6 13. O-O {LiveBook: 5 Games} cxd4 14. Nxd4 Bd7 15. Bf3 {[#]} Qb6 $146 ({Predecessor:} 15... Rab8 16. Rd3 Rfc8 17. Qd2 Be8 {½-½ (30) Jobava,B (2616)-Andersson,U (2570) Antalya 2004}) 16. Qb3 Qxb3 17. Nxb3 Bc6 18. Bxc6 Nxc6 19. Nc5 Rfd8 20. h3 Kf8 21. f4 b6 22. Nb7 (22. Nb3 {is interesting.} Rac8 23. Kf2 e5 24. a3 g6 25. g4) 22... Rxd1 23. Rxd1 Rb8 24. Nd6 Rd8 25. e4 (25. Ndb5 $11 {remains equal.}) 25... e5 ({Better is} 25... Nh5 $17 {next ...Ke7 is good for Black.} 26. f5 Ke7) 26. fxe5 $11 Nxe5 27. Kf2 g6 28. Ke2 a6 {[#] aiming for ...Ke7.} 29. Na4 Nfd7 30. Rc1 Nf6 31. Rd1 Nfd7 32. Rc1 Nf6 33. Rd1 $1 {Precision: White = 55%, Black = 49%.} 1/2-1/2

[Event "Yingmei CHN-chT 2018"]
[Site "Shenzhen"]
[Date "2018.04.12"]
[Round "2"]
[White "Chu, Ruotong"]
[Black "Huang, Qian"]
[Result "0-1"]
[WhiteElo "2284"]
[BlackElo "2440"]
[Annotator "TA"]
[PlyCount "80"]
[EventDate "2018.??.??"]
[EventCountry "CHN"]
[SourceTitle "playchess.com"]
[Source "ChessBase"]
[SourceQuality "1"]

{[%evp 19,80,32,39,11,9,16,42,7,45,-23,-10,-64,-69,-67,-64,-104,-70,-148,-144,-151,-150,-206,-167,-243,-170,-170,-167,-193,-157,-285,-272,-403,-415,-463,-469,-472,-472,-469,-461,-471,-469,-455,-466,-454,-455,-458,-447,-437,-435,-518,-522,-512,-521,-518,-505,-495,-485,-484,-349,-514,-498,-29976,-29977]} 1. d4 Nf6 2. c4 g6 3. Nc3 Bg7 4. e4 d6 5. Nf3 O-O 6. Be2 Nbd7 7. O-O e5 8. dxe5 dxe5 9. b4 {E94: King's Indian: Classical: 6 Be2 e5 7 0-0: Various Black 7th moves} (9. Bg5 h6 10. Bh4 c6 11. Qd6 Re8 12. Rad1 Qb6 13. b3 Bf8 14. Qd3 Nh5 15. Qc2 Nc5 16. Rfe1 Ne6 17. Bf1 Nef4 18. Na4 {0-1 (39) Gunina,V (2502)-Movsesian,S (2659) Minsk 2015}) 9... Re8 10. Qc2 c6 {LiveBook: 3 Games} 11. Rb1 {White is slightly better.} Nf8 {[%cal Bd7f8,Bf8e6,Be6g5,Bg5f3][%mdl 32]} 12. Rd1 Qc7 13. c5 $146 ({Predecessor:} 13. h3 Ne6 14. Be3 Nh5 15. c5 Nhf4 16. Bf1 Bd7 17. Rd6 Bf8 18. Qd2 Bxd6 19. cxd6 {1-0 (30) Launhardt,W (1952)-Adam,W (1844) LSS email 2009}) 13... Ne6 14. Be3 (14. h3 $14) 14... Ng4 $11 15. h3 (15. Bc1 $11) 15... Nxe3 $15 16. fxe3 Bh6 17. Kf2 Ng5 18. Qd3 (18. Nxg5 $15 Bxg5 19. Bc4) 18... Nxf3 $17 19. Bxf3 Qe7 20. Na4 (20. Qe2 $17 {is a better defense.}) 20... Be6 21. Qe2 (21. a3 $142) 21... Red8 22. Rxd8+ Rxd8 23. a3 f5 {White must now prevent ...fxe4.} 24. exf5 (24. Nb2 $17) 24... gxf5 $19 25. Rd1 (25. Nb2 $142) 25... e4 {[%cal Be5e4,Be4d3][%mdl 32]} (25... Rxd1 $2 26. Qxd1 e4 27. Be2 $17) 26. Bh5 {[#]} Rd3 $1 {[%mdl 512]} 27. Rxd3 exd3 28. Qf3 Qh4+ 29. Qg3+ Qxg3+ 30. Kxg3 Bxe3 {[%mdl 4096] Endgame KBB-KBN} 31. Nb2 f4+ 32. Kh2 d2 33. g3 Kg7 34. Nd1 Kf6 35. Kg2 Ke5 36. Kf3 Bb3 37. gxf4+ Bxf4 38. Ke2 Be6 39. Nf2 (39. Kd3 {was necessary.}) 39... Kd4 40. Bf3 {[#]} (40. Bg4 $19 Bc4+ 41. Kf3) 40... Bc4+ {Precision: White = 30%, Black = 82%.} 0-1